Central Library OPAC University of Rajshahi

The discovery of the electron : (Record no. 9070)

MARC details
000 -LEADER
fixed length control field 00874nam a22002772 4500
001 - CONTROL NUMBER
control field 9070
003 - CONTROL NUMBER IDENTIFIER
rucl marc code BD-RjUL
005 - DATE AND TIME OF LATEST TRANSACTION
control field 20211208234718.0
008 - FIXED-LENGTH DATA ELEMENTS--GENERAL INFORMATION
fixed length control field 140120r19721966i a b 001 0 eng
035 ## - SYSTEM CONTROL NUMBER
System control number (BD-RjUL)9115
040 ## - CATALOGING SOURCE
Original cataloging agency DLC
Transcribing agency DLC
Modifying agency UKM
-- EQO
-- BD-RjUL
Language of cataloging eng
041 ## - LANGUAGE CODE
Language code of text/sound track or separate title eng
082 04 - DEWEY DECIMAL CLASSIFICATION NUMBER
Classification number 539.72112
Edition number 18
Author mark and year AND 1972
100 1# - MAIN ENTRY--PERSONAL NAME
Personal name Anderson, David L.
9 (RLIN) 28159
245 14 - TITLE STATEMENT
Title The discovery of the electron :
Remainder of title the development of the atomic concept of electricity /
260 ## - PUBLICATION, DISTRIBUTION, ETC. (IMPRINT)
Place of publication, distribution, etc. New Delhi :
Name of publisher, distributor, etc. Affiliated east-west press,
Date of publication, distribution, etc. 1966 [reprinted 1972]
300 ## - PHYSICAL DESCRIPTION
Pagination vi, 138 p. :
Illustrations illus. ;
Size 21 cm.
490 0# - SERIES STATEMENT
Series statement Van Nostrand momentum books,
Volume/sequential designation no. 3
504 ## - BIBLIOGRAPHY, ETC. NOTE
Bibliography, etc Includes bibliographical reference and index.
650 #0 - SUBJECT ADDED ENTRY--TOPICAL TERM
Topical term or geographic name as entry element Electrons.
9 (RLIN) 27747
Topical term or geographic name as entry element Electricity.
9 (RLIN) 28160
Topical term or geographic name as entry element X-rays.
9 (RLIN) 27544
942 ## - ADDED ENTRY ELEMENTS (KOHA)
Source of classification or shelving scheme Dewey Decimal Classification
Koha item type Books
Holdings
Lost status Source of classification or shelving scheme Damaged status Not for loan Collection code Permanent Location Current Location Shelving location Date acquired Source of acquisition Total Checkouts Full call number Date last seen Copy number Koha item type
  Dewey Decimal Classification     Non-fiction Central Library, University of Rajshahi Central Library, University of Rajshahi   07/07/1976 U.S.I.S.   539.72112 AND 1972 20/01/2014 C-2 Books
  Dewey Decimal Classification   Not For Loan Non-fiction Central Library, University of Rajshahi Central Library, University of Rajshahi Reading Room 07/07/1976 OSIS   539.72112 AND 1972 20/05/2017 C-1 Books